000
00288nam a22001217a 4500
008
160510b xxu||||| |||| 00| 0 eng d
020
_a
9780321651785
020
_a
0321651782
041
_a
eng
080
_a
54
245
_a
Chemistry a molecular approach;
_c
Nivaldo Tro;
942
_2
udc
_c
BK
999
_c
1986
_d
1986